000 00841nam a22002537a 4500
003 DO-SdBPM
005 20250822091020.0
007 ta
008 180205b 20uu sp ||| |||| 00| 0 spa d
040 _aDO-SdBPM
_bspa
_cBPMSU
_erda
082 4 _a813.5
_bB118j
_222
100 1 _aBacha, Richard
_d1929-
_eautor
245 1 0 _aJuan Salvador Gaviota :
_bun relato /
_cRichard Bach ; Fotografías Russell Munson
264 _aBarcelona :
_bEditorial Pomaire,
_c[200-?]
300 _a143 páginas :
_bilustraciones ;
_c17 cm
336 _atexto
_btxt
_2rdacontent
337 _asin mediación
_bn
_2rdamedia
338 _avolumen
_bnc
_2rdacarrier
590 _aInventariado, 2025/VM
650 7 _aCuentos estadounidenses.
700 1 _a Munson, Russell
_eFotografías
910 _aVMateo V. Control de calidad. BPMSU
942 _2ddc
_cBK
999 _c13256
_d13256